MARC

LEADER 00000nam0a2200000 4500
001 36089
005 20231031001019.0
035 |a (RuTPU)RU\TPU\book\36552 
035 |a BOOK00003204 
090 |a 36089 
100 |a 20011210d1978 k y0rusy50 ca 
101 0 |a rus 
102 |a RU 
105 |a a z 000zy 
200 1 |a Клеи и герметики  |f под ред. Д. А. Кардашова 
210 |a Москва  |c Химия  |d 1978 
215 |a 197 с.  |c ил. 
225 1 |a Полимерные материалы в народном хозяйстве 
225 1 |a Научные основы и практика применения 
610 1 |a химия 
610 1 |a клеи 
610 1 |a герметики 
610 1 |a клеевые соединения 
610 1 |a применение 
610 1 |a герметизация 
675 |a 665.939.5  |v 3 
675 |a 678.7  |v 3 
702 1 |a Кардашов  |b Д. А.  |g Давид Алексеевич  |4 340 
801 0 |a RU  |b 63413507  |c 20011210  |g PSBO 
801 2 |a RU  |b 63413507  |c 20160517  |g PSBO 
900 |a Химия и технология пластических масс 
900 |a Технология пластических масс 
900 |a Химическая технология полимеров 
942 |c BK